LDR 00980naa#a2200181#i#450# 001 RU\\bibl\118730 005 20260517061845.7 011 ## _a1994-4683 100 ## _a20230428b2023####ek#y0rusy0150####ca 102 ## _aRU 200 1# _aОСОБЕННОСТИ ЭНЕРГЕТИЧЕСКОГО ПРОФИЛЯ ФУНКЦИОНАЛЬНОЙ ПОДГОТОВЛЕННОСТИ СПОРТСМЕНОК, СПЕЦИАЛИЗИРУЮЩИХСЯ В УЛЬТРАДЛИННЫХ ДИСТАНЦИЯХ ЛЕГКОЙ АТЛЕТИКИ _eЖурнальная статья 210 1# _aМосква _cНациональный государственный Университет физической культуры, спорта и здоровья им. П.Ф. Лесгафта _d2023 215 ## _a6 с. 608 ## _aЖурнальная статья _2local 675 ## _aБег. Например,. 796.422 _z 700 #1 _aОвсянникова _gА В 700 #1 _aМакарова _gН В 856 4# _auchzapiski.lesgaft.spb.ru _u